A Magyar királyi földtani intézet évkönyve 5. kötet, 1. füzet Pécs vidékén előforduló ermi növényekről

Uložené v:
Podrobná bibliografia
Hlavný autor: Heer, Oszvald (Author)
Médium: Kniha
Jazyk:Hungarian
Vydané: Budapest : Légrády Testvérek Ny, 1877.
ISBN: (viaz.)
Fyzický popis: 302 s. : obr. príl. + 1 príl.
Tagy: Pridať tag
Žiadne tagy, Buďte prvý kto otaguje tento záznam!

MARC

LEADER 00000nam a2200000 a 4500
001 000220105
005 20101204231112.0
008 040101s1877 hu e hun d
020 |a (viaz.) 
040 |a SVKKK  |b slo  |c SVKKK  |e AACR2 
041 0 |a hun 
044 |a hu  |c HU 
100 1 |a Heer, Oszvald  |4 aut 
245 1 2 |a A Magyar királyi földtani intézet évkönyve  |n 5. kötet, 1. füzet  |p Pécs vidékén előforduló ermi növényekről  |c Oszvald Heer. 
246 1 0 |a Pécs vidékén előforduló ermi növényekről 
260 |a Budapest :  |b Légrády Testvérek Ny,  |c 1877. 
300 |a 302 s. :  |b obr. príl. +  |e 1 príl. 
910 |a svkkk 
998 |a BK 
090 |g SCKHL  |k Sklad Pribinova 1. posch.  |a IV.95038  |j 592297  |i 2720456647  |s Prezenčne